000 00602nam a2200217Ia 4500
003 BUBTL
008 151213s9999 xx 000 0 und d
082 _a512RAB
100 _aProf. Md . Abdur Rahman
245 _a(College Higher Algebra) Basic Algebra and Fundamentals of Mathematics
250 _a3rd
260 _aDhaka
_bNahar Book Depot & Publications
_cc2008
300 _a720p.
_c18cm.
650 _aMathematics`
650 _aMathematics`
700 _aProf. Md . Abdur Rahman
760 _b3rd
856 _k0
_l0
_yDownload
942 _2ddc
_cBK
999 _c3447
_d3447